000 00358nam a2200133Ia 4500
008 220217s9999||||xx |||||||||||||| ||und||
020 _a81-265-0615-7
082 _a005.43 BAR
100 _aBarakakati, N
_93560
245 0 _aRedhat linux 7.3 secrets
260 _aJohn wiley and sons
_bNew Delhi
_c2002
300 _b499
650 _aOperating systems
999 _c172183
_d172183